5HLuxD.jpg

KING HENRY VIII SENIOR AND PRIMARY SCHOOL LIBRARY OPAC

Writing for IELTS with answer key : (Record no. 2734)

000 -LEADER
fixed length control field 02230cam a2200469Mi 4500
001 - CONTROL NUMBER
control field .b20282369
003 - CONTROL NUMBER IDENTIFIER
control field OCoLC
005 - DATE AND TIME OF LATEST TRANSACTION
control field 20230818082146.0
007 - PHYSICAL DESCRIPTION FIXED FIELD--GENERAL INFORMATION
fixed length control field ta
008 - FIXED-LENGTH DATA ELEMENTS--GENERAL INFORMATION
fixed length control field 140416s2014 enka p 000 1 eng
020 ## - INTERNATIONAL STANDARD BOOK NUMBER
International Standard Book Number 0230463363
020 ## - INTERNATIONAL STANDARD BOOK NUMBER
International Standard Book Number 9780230463400
Qualifying information (with key+MPO Pack)
020 ## - INTERNATIONAL STANDARD BOOK NUMBER
International Standard Book Number 0230463401
035 ## - SYSTEM CONTROL NUMBER
System control number (OCoLC)880332686
Canceled/invalid control number (OCoLC)892047637
040 ## - CATALOGING SOURCE
Original cataloging agency AU@
Language of cataloging eng
Description conventions rda
Transcribing agency AU@
Modifying agency OCLCO
-- OCLCF
-- NZPPC
-- OCLCQ
-- NZAUC
-- CNCGM
-- OCLCQ
-- KH8
042 ## - AUTHENTICATION CODE
Authentication code nbic
082 04 - DEWEY DECIMAL CLASSIFICATION NUMBER
Classification number 428.24 MCC
100 1# - MAIN ENTRY--PERSONAL NAME
Personal name McCarter, Sam,
Relator term author.
245 10 - TITLE STATEMENT
Title Writing for IELTS with answer key :
Remainder of title 6.0-7.5 /
Statement of responsibility, etc. Sam McCarter.
264 #1 - PRODUCTION, PUBLICATION, DISTRIBUTION, MANUFACTURE, AND COPYRIGHT NOTICE
Place of production, publication, distribution, manufacture London :
Name of producer, publisher, distributor, manufacturer Macmillan,
Date of production, publication, distribution, manufacture, or copyright notice 2014.
264 #4 - PRODUCTION, PUBLICATION, DISTRIBUTION, MANUFACTURE, AND COPYRIGHT NOTICE
Date of production, publication, distribution, manufacture, or copyright notice ©2014.
300 ## - PHYSICAL DESCRIPTION
Extent 107 pages :
Other physical details colour illustrations ;
Dimensions 27 cm.
336 ## - CONTENT TYPE
Content type term text
Content type code txt
Source rdacontent.
337 ## - MEDIA TYPE
Media type term unmediated
Media type code n
Source rdamedia.
338 ## - CARRIER TYPE
Carrier type term volume
Carrier type code nc
Source rdacarrier.
490 1# - SERIES STATEMENT
Series statement Improve your skills.
505 0# - FORMATTED CONTENTS NOTE
Formatted contents note Education -- Communication and the internet -- Tourism and travel -- Culture -- People and the environment -- Food and the environment -- The working world -- Sports and activities -- Crime and money -- Language and culture -- Sample answeres -- Answer key.
520 ## - SUMMARY, ETC.
Summary, etc. Prepares pupils for the Academic IELTS Writing paper. This book is full of exercises and examples to help develop key Writing skills. It includes tips that support students on how to approach the Writing tasks, and MPO for further practice online. It is a 'With Key' version.
650 #0 - SUBJECT ADDED ENTRY--TOPICAL TERM
Topical term or geographic name entry element International English Language Testing System.
650 #0 - SUBJECT ADDED ENTRY--TOPICAL TERM
Topical term or geographic name entry element International English Language Testing System
Form subdivision Study guides.
650 #0 - SUBJECT ADDED ENTRY--TOPICAL TERM
Topical term or geographic name entry element English language
General subdivision Study and teaching.
650 #0 - SUBJECT ADDED ENTRY--TOPICAL TERM
Topical term or geographic name entry element English language
General subdivision Written English.
650 #0 - SUBJECT ADDED ENTRY--TOPICAL TERM
Topical term or geographic name entry element English language
General subdivision Grammar.
650 #7 - SUBJECT ADDED ENTRY--TOPICAL TERM
Topical term or geographic name entry element English language
General subdivision Grammar.
Source of heading or term fast
Authority record control number or standard number (OCoLC)fst00911209.
650 #7 - SUBJECT ADDED ENTRY--TOPICAL TERM
Topical term or geographic name entry element English language
General subdivision Study and teaching.
Source of heading or term fast
Authority record control number or standard number (OCoLC)fst00911670.
650 #7 - SUBJECT ADDED ENTRY--TOPICAL TERM
Topical term or geographic name entry element English language
General subdivision Written English.
Source of heading or term fast
Authority record control number or standard number (OCoLC)fst00911976.
650 #7 - SUBJECT ADDED ENTRY--TOPICAL TERM
Topical term or geographic name entry element International English Language Testing System.
Source of heading or term fast
Authority record control number or standard number (OCoLC)fst00976660.
655 #7 - INDEX TERM--GENRE/FORM
Genre/form data or focus term Study guides.
Source of term fast
Authority record control number or standard number (OCoLC)fst01423888.
700 ## - ADDED ENTRY--PERSONAL NAME
Personal name Whitby, Norman,
Relator term author.
830 #0 - SERIES ADDED ENTRY--UNIFORM TITLE
Uniform title Improve your skills (Macmillan)
942 ## - ADDED ENTRY ELEMENTS (KOHA)
Source of classification or shelving scheme
Koha item type Teaching Resources
Holdings
Withdrawn status Lost status Source of classification or shelving scheme Damaged status Not for loan Collection code Permanent Location Current Location Shelving location Date acquired Total Checkouts Full call number Barcode Date due Date last seen Date last checked out Price effective from Koha item type
          Teaching Resources KH8 Senior School Library KH8 Senior School Library Staff Office 2023-08-18 1 428.24 MCC TRKHSL002103 2025-07-04 2024-11-07 2024-11-07 2023-08-18 Teaching Resources
          Teaching Resources KH8 Senior School Library KH8 Senior School Library Staff Office 2023-08-18 1 428.24 MCC TRKHSL002104 2025-07-04 2024-11-07 2024-11-07 2023-08-18 Teaching Resources
          Teaching Resources KH8 Senior School Library KH8 Senior School Library Staff Office 2023-08-18 1 428.24 MCC TRKHSL002105 2025-07-04 2024-11-07 2024-11-07 2023-08-18 Teaching Resources
          Teaching Resources KH8 Senior School Library KH8 Senior School Library Staff Office 2023-08-18 1 428.24 MCC TRKHSL002106 2025-07-04 2024-11-07 2024-11-07 2023-08-18 Teaching Resources
          Teaching Resources KH8 Senior School Library KH8 Senior School Library Staff Office 2023-08-18 1 428.24 MCC TRKHSL002107 2025-07-04 2024-11-07 2024-11-07 2023-08-18 Teaching Resources

Powered By KH8 IT Dept